| 000 | 00667nam a2200241 i 4500 | ||
|---|---|---|---|
| 001 | bg | ||
| 100 | 1 | _aArchutowska, Joanna. | |
| 245 | 0 | 0 |
_aEnglish for finance / _cJoanna Archutowska |
| 260 |
_aWarszawa : _bWydawnictwo Poltext ; _c2007. |
||
| 300 |
_a244 s. : _c24 cm. |
||
| 504 | _aBibliogr. | ||
| 650 | 9 | _aJęzyk angielski | |
| 650 | 9 |
_aFinanse _xterminologia |
|
| 655 | _aPodręczniki akademickie | ||
| 020 | _a8388840568 | ||
| 040 | _cBPK | ||
| 041 | 0 |
_aeng _bpol |
|
| 044 | _aPOL | ||
| 080 | _a811.111:336](07) | ||
| 942 | _cKS | ||
| 008 | s pl f |000 0 pol | ||
| 999 |
_c54292 _d54292 |
||
| 856 |
_uhttp://koha.tu.koszalin.pl/cgi-bin/koha/opac-detail.pl?biblionumber=54292 _yKatalog online BPK |
||